| 000 | 01087nam a2200301 a 4500 | ||
|---|---|---|---|
| 005 | 20020626165708.0 | ||
| 008 | 000825s2001 nyu | b 00| 0 eng | ||
| 010 | _aENG-91570 | ||
| 020 |
_a9780195698503 _c695.00 |
||
| 020 |
_a0195698509 _c695.00 |
||
| 035 | _aEN-75103 | ||
| 037 | _bDBAD / PUB | ||
| 040 |
_adpl _bEnglish |
||
| 082 | _a333.2 | ||
| 245 |
_aThe contested commons: _cedited by Pranab Bardhan (and) Isha Ray _bconversations between economists and anthropologists / |
||
| 260 |
_aNew Delhi _bOxford University Press _c2008 |
||
| 300 |
_ax, 289p. _c24 cm (Hb) |
||
| 500 | _aIncludes index | ||
| 650 | _aCommons | ||
| 650 | _aNatural resources, Communal | ||
| 650 | _aCommunication in international relations | ||
| 650 | _aEconomic anthropology | ||
| 700 | _aBardhan, Pranab | ||
| 700 | _aRay, Isha | ||
| 942 |
_2ddc _cEN _mCON _h333.2 |
||
| 999 |
_c18179 _d18179 |
||